Mike Meyers' CompTIA A+ guide to managing and troubleshooting PCs lab manual (exams 220-801 & 220-802) / (رقم التسجيلة. 33376)

تفاصيل مارك
000 -الفاتح
حقل البيانات ثابتة الطول 01088cam a2200301 i 4500
001 - رقم الضبط
رقم الضبط 17734574
003 - محدد رقم الضبط
رقم الضبط OSt
005 - وقت وتاريخ اخر تعامل مع التسجيلة
رقم الضبط 20150408114205.0
008 - عناصر البيانات ثابتة الطول - معلومات عامة
حقل البيانات ثابتة الطول 130511s2012 nyua 001 0 eng
010 ## - رقم ضبط مكتبة الكونجرس
رقم ضبط مكتبة الكونجرس 2012554038
020 ## - الرقم الدولى المعيارى للكتب
الرقم الدولى المعيارى للكتاب 9780071795555 (pbk.)
040 ## - مصدر الفهرسة
وكالة الفهرسة الأصلية DLC
لغة الفهرسة eng
وكالة النسخ DLC
قواعد الوصف rda
وكالة التعديل DLC
042 ## - رمز التحقق
رمز التحقق pcc
050 00 - رقم طلب مكتبة الكونجرس
رقم التصنيف TK7887
رقم المادة .M46 2012
082 00 - رقم تصنيف ديوى العشرى
رقم التصنيف 004.160288
رقم الطبعة 23
رقم المادة MMM
100 1# - المدخل الرئيسى - إسم شخصى
الإسم الشخصى Meyers, Michael,
التواريخ المصاحبة للاسم 1961-
245 10 - بيان العنوان
العنوان Mike Meyers' CompTIA A+ guide to managing and troubleshooting PCs lab manual (exams 220-801 & 220-802) /
بيان المسئوليه,etc Mike Meyers, Debby Hallcom, Aaron Verber.
246 3# - العنوان الموازى
عنوان صحيح/عنوان مختصر A+ guide to managing and troubleshooting PCs lab manual
250 ## - بيان الطبعة
بيان الطبعة Fourth edition.
300 ## - الوصف المادى
التعداد xxi, 602 pages :
تفاصيل ماديه اخرى للوعاء illustrations ;
أبعاد الوعاء 28 cm
500 ## - تبصرة عامة
تبصرة عامة Includes index.
650 #0 - المدخل الاضافى بالموضوع-مصطلح موضوعى
مصطلح موضوعي أو اسم جغرافي كعنصر مدخل Microcomputers
التقسيم الفرعي العام Maintenance and repair
-- Examinations
التقسيم الفرعي الشكلي Study guides.
9 (RLIN) 41684
700 1# - المدخل الاضافى - اسم شخصى
الإسم الشخصى Hallcom, Debby.
9 (RLIN) 41685
700 1# - المدخل الاضافى - اسم شخصى
الإسم الشخصى Verber, Aaron.
9 (RLIN) 42523
906 ## - عنصر بيانات محلى F, LDF (RLIN)
a 7
b cbc
c origcop
d 2
e ncip
f 20
g y-gencatlg
942 ## - عناصر المدخل الإضافي( كوها)
مصدر التصنيف او مخطط الترفيف Dewey Decimal Classification
Koha [default] item type DVD
المقتنيات
حالة الفقد نموذج السعر الفعال حالة تلف ليس للاعارة رقم الطلب تاريخ الاكتساب الموقع الحالي الفرع الرئيسي Date last seen نوع المادة فى نظام كوها مصدر التصنيف او خطة الترفيف Total Checkouts
  2014-01-27     004.160288 MMM 2014-01-27 المكتبة المركزية بالمجمعة (CL) المكتبة المركزية بالمجمعة (CL) 2014-01-27 كتاب Dewey Decimal Classification